000 00292nam a2200133Ia 4500
008 230917s9999||||xx |||||||||||||| ||und||
020 _cRS4
040 _e193040
_aMAIN
041 _aEnglish
082 _a891.43991 A88K
100 _aAlvi, Mohammed
245 0 _aKhaali Makaan
942 _cBK
999 _c35974
_d35974